Beginning Visual C++ 6 / (Record no. 180037)
[ view plain ]
| 000 -LEADER | |
|---|---|
| fixed length control field | 00432 a2200169 4500 |
| 003 - CONTROL NUMBER IDENTIFIER | |
| control field | Nust |
| 005 - DATE AND TIME OF LATEST TRANSACTION | |
| control field | 20170207153139.0 |
| 010 ## - LIBRARY OF CONGRESS CONTROL NUMBER | |
| LC control number | 00689059 |
| 020 ## - INTERNATIONAL STANDARD BOOK NUMBER | |
| International Standard Book Number | 8173660409 |
| 040 ## - CATALOGING SOURCE | |
| Transcribing agency | Nust |
| 082 00 - DEWEY DECIMAL CLASSIFICATION NUMBER | |
| Classification number | 005.268 |
| 100 1# - MAIN ENTRY--PERSONAL NAME | |
| Personal name | Horton, Ivor. |
| 245 10 - TITLE STATEMENT | |
| Title | Beginning Visual C++ 6 / |
| Statement of responsibility, etc. | Ivor Horton. |
| 260 ## - PUBLICATION, DISTRIBUTION, ETC. | |
| Place of publication, distribution, etc. | Birmingham, UK : |
| Name of publisher, distributor, etc. | Wrox Press, |
| Date of publication, distribution, etc. | 1998. |
| 300 ## - PHYSICAL DESCRIPTION | |
| Extent | xxvii, 1181 p. : |
| Other physical details | ill. ; |
| Dimensions | 24 cm. |
| 650 #0 - SUBJECT ADDED ENTRY--TOPICAL TERM | |
| Topical term or geographic name entry element | C++ (Computer program language) |
| 942 ## - ADDED ENTRY ELEMENTS (KOHA) | |
| Source of classification or shelving scheme | |
| Koha item type | Book |
| Withdrawn status | Lost status | Source of classification or shelving scheme | Damaged status | Not for loan | Collection code | Permanent Location | Current Location | Date acquired | Total Checkouts | Full call number | Barcode | Date last seen | Price effective from | Koha item type |
|---|---|---|---|---|---|---|---|---|---|---|---|---|---|---|
| Military College of Signals (MCS) | Military College of Signals (MCS) | 12/12/2016 | 005.268 HOR | MCS27035A | 12/08/2016 | 12/12/2016 | Book |
